000 00298nam a22001337a 4500
008 170714b xxu||||| |||| 00| 0 eng d
020 _a9780679733416
041 _aeng
080 _a17
100 _a23
101 _aFIL
245 _aGOD AND THE AMERICAN WRITER
_cKAZIN.A
942 _2udc
_cBK
999 _c20726
_d20726